000
00217nam a2200085Ia 4500
008
250605s9999 xx 000 0 und d
041
_a
eng
100
_a
Rohit Chibhrani
245
_a
Alchemist Marketing and Talent Solutions
999
_c
44906
_d
44906